00457nam a2200169 u 45000010006000000050017000060080041000230350010000640350021000740410008000950820008001031000037001112450051001482600033001993000018002326500037002504351020260428111309.0960313s1978 spa  a43510 a(OCoLC)778100693 aspa 4a32710aLanus, Juan Archibaldo4auteaut10aEl orden internacional y la doctrina del poder aArgentina :bDepalma,c1978. a142 páginas 7aRelaciones internacionales2lemb